| 000 | 00660nam a22002057a 4500 | ||
|---|---|---|---|
| 999 |
_c10134 _d10134 |
||
| 003 | AR-CdUCM | ||
| 008 | 190329b ||||| |||| 00| 0 spa d | ||
| 040 |
_aMUNICIPALIDAD PROVINCIAL DEL CUSCO _cBIBLIOTECA MUNICIPAL DEL CUSCO |
||
| 082 |
_a465 / _bG77 / 1931 |
||
| 110 |
_aReal academia española _918572 |
||
| 245 | _aGramática de la lengua española / | ||
| 260 |
_aMadrid : _bEspasa-calpe, _c1931. |
||
| 300 |
_a538 paginas ; _c20 m. |
||
| 505 | _aContenido : Gramática española | ||
| 650 |
_aGramática Española _926808 |
||
| 650 |
_aProsodia y ortografía _926809 |
||
| 650 |
_aNormas del lenguaje _926810 |
||
| 942 |
_2ddc _cLIBROS |
||
| 945 | _awnts | ||